Länder mit P - Statistiken

Allgemein
  • Dieses Quiz wurde 99 mal gespielt
  • Das Durchschnittsergebnis liegt bei 7 aus 9
Antwortstatistiken
Land % Korrekt
Portugal
92%
Polen
85%
Peru
81%
Palau
80%
Pakistan
78%
Panama
78%
Paraguay
76%
Papua-Neuguinea
75%
Philippinen
70%
Keine übereinstimmenden Quizze gefunden
Verteilung der Resultate
Anzahl Personen mit jedem Resultat
Perzentil nach korrekt beantworteten Fragen
Ihre Resultats-Entwicklung
Sie haben dieses Quiz noch nicht gespielt